Statistics for Empire's List of 500 Greatest Movies of All Time - 1-100

Click here to take the quiz!

General Stats

  • This quiz has been taken 1,571 times
    (1,557 since last reset)
  • The average score is 43 of 100

Answer Stats

Year Director Actor Movie % Correct
11972Francis Ford CoppolaMarlon BrandoThe Godfather
91%
221977George LucasMark HamillStar Wars: Episode IV - A New Hope
88%
91994Quentin TarantinoJohn TravoltaPulp Fiction
80%
21981Steven SpielbergHarrison FordRaiders of the Lost Ark
78%
331979Ridley ScottSigourney WeaverAlien
77%
152008Christopher NolanChristian BaleThe Dark Knight
76%
471982Steven SpielbergDrew BarrymoreE.T. The Extra-Terrestrial
73%
451960Alfred HitchcockAnthony PerkinsPsycho
73%
521980Stanley KubrickJack NicholsonThe Shining
71%
181942Michael CurtizHumphrey BogartCasablanca
70%
191974Francis Ford CoppolaAl PacinoThe Godfather Part II
69%
171976Martin ScorseseRobert De NiroTaxi Driver
68%
51975Steven SpielbergRoy ScheiderJaws
67%
291988John McTiernanBruce WillisDie Hard
67%
961999Sam MendesKevin SpaceyAmerican Beauty
67%
391999Andy & Larry WachowskiKeanu ReevesThe Matrix
66%
661990Tim BurtonJohnny DeppEdward Scissorhands
66%
371971Stanley KubrickMalcolm McDowellA Clockwork Orange
65%
231985Robert ZemeckisMichael J. FoxBack to the Future
64%
31980Irvin KershnerMark HamillStar Wars Episode V - The Empire Strikes Back
63%
281941Orson WellesOrson WellesCitizen Kane
62%
41994Frank DarabontTim RobbinsThe Shawshank Redemption
62%
441993Steven SpielbergLiam NeesonSchindler's List
61%
61990Martin ScorseseRobert De NiroGoodfellas
61%
311939Victor Fleming, George Cukor & Sam WoodVivien LeighGone with the Wind
60%
101999David FincherEdward NortonFight Club
59%
342003Peter JacksonElijah WoodThe Lord of the Rings Return of the King
59%
301986James CameronSigourney WeaverAliens
59%
351991James CameronArnold SchwarzeneggerTerminator 2: Judgment Day
58%
812005Christopher NolanChristian BaleBatman Begins
58%
971992Quentin TarantinoHarvey KeitelReservoir Dogs
58%
111980Martin ScorseseRobert De NiroRaging Bull
57%
611995Bryan SingerKevin SpaceyThe Usual Suspects
57%
242001Peter JacksonElijah WoodThe Lord of the Rings The Fellowship of the Ring
56%
542002Peter JacksonElijah WoodThe Lord of the Rings The Two Towers
56%
911983Richard MarquandMark HamillStar Wars Episode VI - Return of the Jedi
56%
681977Woody AllenDiane KeatonAnnie Hall
55%
251967Sergio LeoneClint EastwoodThe Good, The Bad and the Ugly
54%
271959Billy WilderMarilyn MonroeSome Like It Hot
54%
71979Francis Ford CoppolaMartin SheenApocalypse Now
52%
161968Stanley KubrickKeir Dullea2001 A Space Odyssey
51%
401958Alfred HitchcockJames StewartVertigo
51%
621967Mike NicholsDustin HoffmanThe Graduate
50%
571962David LeanPeter O'TooleLawrence of Arabia
50%
431998Joel & Ethan CoenJeff BridgesThe Big Lebowski
50%
81952Stanley Donen & Gene KellyGene KellySingin' in the Rain
49%
201982Ridley ScottHarrison FordBlade Runner
48%
981959Alfred HitchcockCary GrantNorth By Northwest
47%
562006Martin CampbellDaniel CraigCasino Royale
46%
901989Rob ReinerMeg RyanWhen Harry Met Sally
45%
261964Stanley KubrickPeter SellersDr. Strangelove Or: How I Learned to Stop Worrying and Love the Bomb
44%
501954Akira KurosawaToshirô MifuneSeven Samurai
43%
881986John HughesMatthew BroderickFerris Bueller's Day Off
43%
861976Brian De PalmaSissy SpacekCarrie
42%
781968Roman PolanskiMia FarrowRosemary's Baby
42%
771960Stanley KubrickKirk DouglasSpartacus
41%
461954Elia KazanMarlon BrandoOn the Waterfront
41%
381995Michael MannAl PacinoHeat
40%
591977Steven SpielbergRichard DreyfussClose Encounters of the Third Kind
39%
701986Rob ReinerRiver PhoenixStand By Me
39%
131974Roman PolanskiJack NicholsonChinatown
38%
991995John LasseterTom HanksToy Story
36%
532001Richard KellyJake GyllenhaalDonnie Darko
36%
721957Sidney LumetHenry Fonda12 Angry Men
36%
851986David LynchDennis HopperBlue Velvet
32%
821963John SturgesSteve McQueenThe Great Escape
32%
321969George Roy HillRobert RedfordButch Cassidy and the Sundance Kid
31%
921984Sergio LeoneRobert De NiroOnce Upon a Time in America
31%
631950Billy WilderGloria SwansonSunset Blvd.
28%
121960Billy WilderJack LemmonThe Apartment
28%
891999Paul Thomas AndersonTom CruiseMagnolia
28%
761979Woody AllenWoody AllenManhattan
27%
831985Terry GilliamJonathan PryceBrazil
26%
141968Sergio LeoneHenry FondaOnce Upon a Time in the West
25%
732004Michel GondryKate WinsletEternal Sunshine of the Spotless Mind
25%
1001976Sidney LumetFaye DunawayNetwork
25%
841997Curtis HansonRussell CroweL.A. Confidential
23%
642003Park Chan-wookMin-sik ChoiOldBoy
21%
211949Carol ReedOrson WellesThe Third Man
21%
491987Sam RaimiBruce CampbellEvil Dead 2
19%
791998Terrence MalickJim CaviezelThe Thin Red Line
19%
481984Rob ReinerRob ReinerThis is Spinal Tap
17%
871983Martin ScorseseRobert De NiroThe King of Comedy
16%
511963Federico FellliniShirley Jones8 1/2
16%
551960Federico FelliniMarcello MastroianniLa Dolce Vita
15%
941969Sam PeckinpahWilliam HoldenThe Wild Bunch
15%
741948John HustonHumphrey BogartThe Treasure of the Sierra Madre
14%
951961Akira KurosawaToshirô MifuneYojimbo
13%
691994Krzysztof KieslowskiIrène JacobThree Colours Red
12%
411959François TruffautJean-Pierre LéaudThe 400 Blows
12%
711955Charles LaughtonRobert MitchumThe Night of the Hunter
12%
651971Hal AshbyRuth GordonHarold and Maude
11%
671953Yasujiro OzuChishû RyûTokyo Story
8%
361969Andrei TarkovskyAnatoliy SolonitsynAndrei Rublev
7%
581940Howard HawksCary GrantHis Girl Friday
7%
931973Victor EriceFernando Fernán GómezSpirit of the Beehive
7%
751946Michael Powell & Emeric PressburgerDavid NivenA Matter of Life and Death
6%
601985Elem KlimovAleksey KravchenkoCome and See
5%
801943Michael Powell & Emeric PressburgerRoger LiveseyThe Life and Death of Colonel Blimp
5%
421949Robert HamerAlec GuinnessKind Hearts and Coronets
5%

Score Distribution

Percentile by Number Answered

Percent of People with Each Score

Your Score History

You have not taken this quiz since the last reset